[Event "1st 4NCL Easter Congress"]
[Site "Stevenage"]
[Date "2019.04.22"]
[Round "7"]
[Board "9"]
[White "Luberto, Michael"]
[Black "Britton, Richard"]
[Result "0-1"]
[WhiteElo "1930"]
[BlackElo "2181"]
[PlyCount "0"]
[EventDate "2019.04.19"]
[EventRounds "7"]
[EventCountry "ENG"]

1. e4 {[%clk 01:25:26]} {[%emt 00:05:34]} c5 {[%clk 01:30:54]} {[%emt
00:00:07]} 2. Nf3 {[%clk 01:25:51]} {[%emt 00:00:04]} d6 {[%clk 01:31:20]}
{[%emt 00:00:04]} 3. d4 {[%clk 01:26:17]} {[%emt 00:00:04]} cxd4 {[%clk
01:31:47]} {[%emt 00:00:03]} 4. Qxd4 {[%clk 01:26:44]} {[%emt 00:00:03]} Nc6
{[%clk 01:31:51]} {[%emt 00:00:26]} 5. Bb5 {[%clk 01:27:09]} {[%emt 00:00:06]}
Bd7 {[%clk 01:32:18]} {[%emt 00:00:03]} 6. Qd3 {[%clk 01:27:32]} {[%emt
00:00:06]} Nf6 {[%clk 01:32:23]} {[%emt 00:00:25]} 7. Bg5 {[%clk 01:27:59]}
{[%emt 00:00:03]} e6 {[%clk 01:30:27]} {[%emt 00:02:26]} 8. Nc3 {[%clk
01:27:26]} {[%emt 00:01:04]} Qc7 {[%clk 01:25:39]} {[%emt 00:05:18]} 9. O-O-O
{[%clk 01:21:27]} {[%emt 00:06:28]} Be7 {[%clk 01:25:21]} {[%emt 00:00:48]} 10.
Kb1 {[%clk 01:19:03]} {[%emt 00:02:54]} a6 {[%clk 01:25:17]} {[%emt 00:00:35]}
11. Ba4 {[%clk 01:11:40]} {[%emt 00:07:52]} b5 {[%clk 01:15:11]} {[%emt
00:10:37]} 12. Bb3 {[%clk 01:12:03]} {[%emt 00:00:06]} Qb7 {[%clk 01:15:24]}
{[%emt 00:00:18]} 13. Rhe1 {[%clk 01:02:46]} {[%emt 00:09:46]} O-O-O {[%clk
01:08:16]} {[%emt 00:07:39]} 14. Bf4 {[%clk 00:59:09]} {[%emt 00:04:06]} Ng4
{[%clk 01:02:10]} {[%emt 00:06:37]} 15. Qe2 {[%clk 00:55:45]} {[%emt 00:03:53]}
Nge5 {[%clk 01:01:59]} {[%emt 00:00:42]} 16. Bg3 {[%clk 00:49:56]} {[%emt
00:06:20]} h5 {[%clk 00:55:00]} {[%emt 00:07:29]} 17. h4 {[%clk 00:49:10]}
{[%emt 00:01:15]} Kb8 {[%clk 00:32:45]} {[%emt 00:22:46]} 18. Ng5 {[%clk
00:47:32]} {[%emt 00:02:06]} Bxg5 {[%clk 00:18:58]} {[%emt 00:14:18]} 19. hxg5
{[%clk 00:47:37]} {[%emt 00:00:25]} Bc8 {[%clk 00:19:24]} {[%emt 00:00:04]} 20.
Rd2 {[%clk 00:38:16]} {[%emt 00:09:50]} g6 {[%clk 00:15:10]} {[%emt 00:04:45]}
21. Red1 {[%clk 00:27:09]} {[%emt 00:11:36]} Qc7 {[%clk 00:12:10]} {[%emt
00:03:32]} 22. f4 {[%clk 00:23:41]} {[%emt 00:03:58]} Ng4 {[%clk 00:12:33]}
{[%emt 00:00:07]} 23. a3 {[%clk 00:24:09]} {[%emt 00:00:02]} Rhe8 {[%clk
00:11:45]} {[%emt 00:01:17]} 24. Qe1 {[%clk 00:22:12]} {[%emt 00:02:27]} Bb7
{[%clk 00:10:02]} {[%emt 00:02:14]} 25. Na2 {[%clk 00:21:01]} {[%emt 00:01:40]}
Na5 {[%clk 00:07:56]} {[%emt 00:02:36]} 26. Nc1 {[%clk 00:17:45]} {[%emt
00:03:47]} Nxb3 {[%clk 00:05:16]} {[%emt 00:03:10]} 27. Nxb3 {[%clk 00:18:10]}
{[%emt 00:00:04]} Rc8 {[%clk 00:05:24]} {[%emt 00:00:22]} 28. Nc1 {[%clk
00:14:46]} {[%emt 00:03:54]} Ka8 {[%clk 00:05:10]} {[%emt 00:00:45]} 29. Nd3
{[%clk 00:15:07]} {[%emt 00:00:09]} Qc4 {[%clk 00:03:42]} {[%emt 00:01:58]} 30.
Re2 {[%clk 00:14:27]} {[%emt 00:01:09]} e5 {[%clk 00:03:56]} {[%emt 00:00:16]}
31. fxe5 {[%clk 00:13:35]} {[%emt 00:01:20]} dxe5 {[%clk 00:04:23]} {[%emt
00:00:05]} 32. Nb4 {[%clk 00:13:51]} {[%emt 00:00:13]} Red8 {[%clk 00:04:45]}
{[%emt 00:00:10]} 33. Nd3 {[%clk 00:12:44]} {[%emt 00:01:35]} Bxe4 {[%clk
00:03:18]} {[%emt 00:01:59]} 34. Rxe4 {[%clk 00:07:45]} {[%emt 00:05:29]} Qxc2+
{[%clk 00:03:43]} {[%emt 00:00:05]} 35. Ka1 {[%clk 00:08:09]} {[%emt 00:00:05]}
Rxd3 {[%clk 00:04:10]} {[%emt 00:00:04]} 36. Rxd3 {[%clk 00:08:17]} {[%emt
00:00:22]} Qxd3 {[%clk 00:04:35]} {[%emt 00:00:05]} 37. Bxe5 {[%clk 00:08:38]}
{[%emt 00:00:09]} Re8 {[%clk 00:04:05]} {[%emt 00:01:00]} 38. Re2 {[%clk
00:04:02]} {[%emt 00:05:05]} Kb7 {[%clk 00:04:30]} {[%emt 00:00:06]} 39. g3
{[%clk 00:04:28]} {[%emt 00:00:03]} Qf3 {[%clk 00:04:14]} {[%emt 00:00:46]} 40.
b3 {[%clk 00:03:14]} {[%emt 00:01:45]} Re6 {[%clk 00:03:54]} {[%emt 00:00:50]}
41. Ka2 {[%clk 00:03:20]} {[%emt 00:00:24]} a5 {[%clk 00:02:49]} {[%emt
00:01:35]} 42. Rc2 {[%clk 00:03:04]} {[%emt 00:00:45]} Nxe5 {[%clk 00:02:51]}
{[%emt 00:00:29]} 43. Qxa5 {[%clk 00:03:33]} {[%emt 00:00:01]} Rb6 {[%clk
00:03:06]} {[%emt 00:00:15]} 44. Qb4 {[%clk 00:03:59]} {[%emt 00:00:04]} Qd5
{[%clk 00:03:06]} {[%emt 00:00:31]} 45. Qe7+ {[%clk 00:03:14]} {[%emt
00:01:14]} Nd7 {[%clk 00:03:21]} {[%emt 00:00:15]} 46. Qe3 {[%clk 00:03:26]}
{[%emt 00:00:18]} Re6 {[%clk 00:02:59]} {[%emt 00:00:52]} 47. Qf2 {[%clk
00:03:42]} {[%emt 00:00:14]} Rd6 {[%clk 00:03:14]} {[%emt 00:00:16]} 48. Qe1
{[%clk 00:02:24]} {[%emt 00:01:47]} Qxg5 {[%clk 00:02:48]} {[%emt 00:00:57]} 49.
Qc3 {[%clk 00:01:52]} {[%emt 00:01:01]} Qd8 {[%clk 00:02:10]} {[%emt 00:01:07]}
50. Qf3+ {[%clk 00:02:12]} {[%emt 00:00:10]} Ka7 {[%clk 00:02:30]} {[%emt
00:00:12]} 51. Qxf7 {[%clk 00:02:30]} {[%emt 00:00:11]} Ka6 {[%clk 00:02:24]}
{[%emt 00:00:36]} 52. a4 {[%clk 00:02:19]} {[%emt 00:00:41]} bxa4 {[%clk
00:02:35]} {[%emt 00:00:20]} 53. Qc4+ {[%clk 00:02:46]} {[%emt 00:00:02]} Kb7
{[%clk 00:02:48]} {[%emt 00:00:17]} 54. Qe4+ {[%clk 00:03:08]} {[%emt
00:00:08]} Kb8 {[%clk 00:03:11]} {[%emt 00:00:07]} 55. Qf4 {[%clk 00:02:47]}
{[%emt 00:00:50]} axb3+ {[%clk 00:03:32]} {[%emt 00:00:10]} 56. Kb2 {[%clk
00:03:03]} {[%emt 00:00:14]} bxc2 {[%clk 00:03:42]} {[%emt 00:00:20]} 57. Qxd6+
{[%clk 00:00:36]} {[%emt 00:02:58]} Qc7 {[%clk 00:04:05]} {[%emt 00:00:06]} 58.
Qb4+ {[%emt 00:00:36]}  0-1

[Event "1st 4NCL Easter Congress"]
[Site "Stevenage"]
[Date "2019.04.22"]
[Round "7"]
[Board "10"]
[White "Ratnesan, Ranesh"]
[Black "Moore, Gerald"]
[Result "1/2-1/2"]
[WhiteElo "2116"]
[BlackElo "2045"]
[PlyCount "0"]
[EventDate "2019.04.19"]
[EventRounds "7"]
[EventCountry "ENG"]

1. d4 {[%emt 00:14:57]} Nf6 {[%emt 00:00:16]} 2. c4 {[%emt 00:00:08]} g6 {[%emt
00:00:13]} 3. Nc3 {[%emt 00:00:09]} d5 {[%emt 00:00:25]} 4. e3 {[%emt
00:00:17]} Bg7 {[%emt 00:00:11]} 5. Qb3 {[%emt 00:00:12]} e6 {[%emt 00:09:15]}
6. Qa3 {[%emt 00:00:11]} Nc6 {[%emt 00:03:43]} 7. Nf3 {[%emt 00:00:22]} Ne7
{[%emt 00:01:13]} 8. Bd2 {[%emt 00:00:27]} O-O {[%emt 00:00:36]} 9. Bd3 {[%emt
00:00:22]} b6 {[%emt 00:06:57]} 10. c5 {[%emt 00:10:42]} Bb7 {[%emt 00:07:02]}
11. O-O {[%emt 00:07:35]} Nd7 {[%emt 00:08:15]} 12. b4 {[%emt 00:20:08]} e5
{[%emt 00:01:36]} 13. dxe5 {[%emt 00:00:40]} Nxe5 {[%emt 00:00:17]} 14. Nxe5
{[%emt 00:03:16]} Bxe5 {[%emt 00:00:07]} 15. Rad1 {[%emt 00:01:04]} d4 {[%emt
00:11:05]} 16. Ne2 {[%emt 00:04:49]} dxe3 {[%emt 00:02:50]} 17. Bxe3 {[%emt
00:00:16]} Nd5 {[%emt 00:00:17]} 18. Bc4 {[%emt 00:09:43]} Bxh2+ {[%emt
00:18:23]} 19. Kxh2 {[%emt 00:02:13]} Qh4+ {[%emt 00:00:05]} 20. Kg1 {[%emt
00:00:09]} Qxc4 {[%emt 00:00:04]} 21. Ng3 {[%emt 00:09:03]} Rfe8 {[%emt
00:05:03]} 22. Rd4 {[%emt 00:02:13]} Qc3 {[%emt 00:01:13]} 23. Qxc3 {[%emt
00:01:52]} Nxc3 {[%emt 00:00:02]} 24. c6 {[%emt 00:01:41]} Bxc6 {[%emt
00:07:15]} 25. Rc1 Ne4 {[%emt 00:00:52]} 26. Nxe4 {[%emt 00:00:24]} Bxe4 {[%emt
00:00:11]} 27. Rxc7 {[%emt 00:00:10]} Bf5 {[%emt 00:01:04]} 28. a4 {[%emt
00:02:47]} Rec8 {[%emt 00:02:22]}  1/2-1/2

[Event "1st 4NCL Easter Congress"]
[Site "Stevenage"]
[Date "2019.04.22"]
[Round "7"]
[Board "11"]
[White "Okhai, Shabir"]
[Black "Chakanyuka, Charles"]
[Result "1/2-1/2"]
[WhiteElo "2073"]
[BlackElo "2028"]
[PlyCount "0"]
[EventDate "2019.04.19"]
[EventRounds "7"]
[EventCountry "ENG"]

1. e4 {[%clk 01:30:58]} {[%emt 00:00:02]} d6 {[%clk 01:30:54]} {[%emt
00:00:06]} 2. d4 {[%clk 01:31:24]} {[%emt 00:00:04]} Nf6 {[%clk 01:31:18]}
{[%emt 00:00:06]} 3. Nc3 {[%clk 01:31:51]} {[%emt 00:00:03]} g6 {[%clk
01:31:31]} {[%emt 00:00:17]} 4. Nf3 {[%clk 01:32:14]} {[%emt 00:00:06]} Bg7
{[%clk 01:31:49]} {[%emt 00:00:13]} 5. Be2 {[%clk 01:32:22]} {[%emt 00:00:23]}
O-O {[%clk 01:32:07]} {[%emt 00:00:11]} 6. O-O {[%clk 01:32:32]} {[%emt
00:00:20]} c6 {[%clk 01:26:25]} {[%emt 00:06:12]} 7. a4 {[%clk 01:32:07]}
{[%emt 00:00:56]} Qc7 {[%clk 01:26:38]} {[%emt 00:00:17]} 8. a5 {[%clk
01:32:01]} {[%emt 00:00:36]} Nbd7 {[%clk 01:26:47]} {[%emt 00:00:19]} 9. h3
{[%clk 01:31:28]} {[%emt 00:01:04]} e5 {[%clk 01:27:05]} {[%emt 00:00:12]} 10.
Be3 {[%clk 01:27:06]} {[%emt 00:04:53]} Re8 {[%clk 01:25:06]} {[%emt 00:02:28]}
11. dxe5 {[%clk 01:24:26]} {[%emt 00:03:11]} Nxe5 {[%clk 01:19:41]} {[%emt
00:05:54]} 12. Nxe5 {[%clk 01:22:47]} {[%emt 00:02:09]} dxe5 {[%clk 01:19:49]}
{[%emt 00:00:22]} 13. Bc4 {[%clk 01:21:39]} {[%emt 00:01:38]} Be6 {[%clk
01:20:15]} {[%emt 00:00:04]} 14. Qe2 {[%clk 01:21:24]} {[%emt 00:00:45]} Nh5
{[%clk 01:15:17]} {[%emt 00:05:28]} 15. Bxe6 {[%clk 01:20:10]} {[%emt
00:01:45]} Rxe6 {[%clk 01:15:38]} {[%emt 00:00:08]} 16. Rfd1 {[%clk 01:19:03]}
{[%emt 00:01:37]} Ree8 {[%clk 01:13:20]} {[%emt 00:02:48]} 17. Bc5 {[%clk
01:15:59]} {[%emt 00:03:34]} Red8 {[%clk 00:58:00]} {[%emt 00:15:50]} 18. Rxd8+
{[%clk 01:15:28]} {[%emt 00:01:02]} Qxd8 {[%clk 00:58:17]} {[%emt 00:00:12]} 19.
Qe3 {[%clk 01:14:53]} {[%emt 00:01:06]} Nf4 {[%clk 00:46:52]} {[%emt 00:11:55]}
20. Kh2 {[%clk 01:10:53]} {[%emt 00:04:29]} Qg5 {[%clk 00:34:57]} {[%emt
00:12:25]} 21. Qf3 {[%clk 01:03:09]} {[%emt 00:08:15]} Ne6 {[%clk 00:30:34]}
{[%emt 00:04:53]} 22. Be3 {[%clk 01:02:46]} {[%emt 00:00:53]} Qe7 {[%clk
00:30:45]} {[%emt 00:00:18]} 23. Na2 {[%clk 00:57:40]} {[%emt 00:05:37]} Nd4
{[%clk 00:29:29]} {[%emt 00:01:42]} 24. Qd1 {[%clk 00:55:02]} {[%emt 00:03:12]}
Rd8 {[%clk 00:19:32]} {[%emt 00:10:28]} 25. c3 {[%clk 00:53:20]} {[%emt
00:02:11]} Qc7 {[%clk 00:12:12]} {[%emt 00:07:46]} 26. Nb4 {[%clk 00:46:03]}
{[%emt 00:07:51]} Nf5 {[%clk 00:11:52]} {[%emt 00:00:49]} 27. Qe2 {[%clk
00:45:51]} {[%emt 00:00:43]} Nxe3 {[%clk 00:11:40]} {[%emt 00:00:42]} 28. Qxe3
{[%clk 00:46:09]} {[%emt 00:00:12]} a6 {[%clk 00:10:32]} {[%emt 00:01:38]} 29.
Nd3 {[%clk 00:42:58]} {[%emt 00:03:41]} Bf8 {[%clk 00:09:57]} {[%emt 00:01:06]}
30. b4 {[%clk 00:36:39]} {[%emt 00:06:49]} Kg7 {[%clk 00:09:31]} {[%emt
00:00:55]} 31. Ra2 {[%clk 00:31:49]} {[%emt 00:05:22]} Be7 {[%clk 00:09:27]}
{[%emt 00:00:33]} 32. Rc2 {[%clk 00:26:39]} {[%emt 00:05:39]} h6 {[%clk
00:09:39]} {[%emt 00:00:18]} 33. g3 {[%clk 00:24:40]} {[%emt 00:02:29]} h5
{[%clk 00:06:30]} {[%emt 00:03:40]} 34. Kg2 {[%clk 00:24:23]} {[%emt 00:00:46]}
Qd6 {[%clk 00:05:11]} {[%emt 00:01:49]} 35. Nc5 {[%clk 00:23:53]} {[%emt
00:01:00]} Qc7 {[%clk 00:05:40]} {[%emt 00:00:02]} 36. Nb3 {[%clk 00:22:37]}
{[%emt 00:01:45]} Rd7 {[%clk 00:04:40]} {[%emt 00:01:30]} 37. Rd2 {[%clk
00:22:09]} {[%emt 00:00:59]} Qd8 {[%clk 00:05:05]} {[%emt 00:00:05]} 38. Rxd7
{[%clk 00:20:04]} {[%emt 00:02:34]} Qxd7 {[%clk 00:05:33]} {[%emt 00:00:03]} 39.
Nc5 {[%clk 00:19:30]} {[%emt 00:01:05]} Bxc5 {[%clk 00:05:31]} {[%emt
00:00:31]} 40. Qxc5 {[%clk 00:19:57]} {[%emt 00:00:01]} Kf6 {[%clk 00:04:59]}
{[%emt 00:01:01]} 41. Qe3 {[%clk 00:19:05]} {[%emt 00:01:24]} Qd6 {[%clk
00:03:38]} {[%emt 00:01:52]} 42. h4 {[%clk 00:19:14]} {[%emt 00:00:21]} Kg7
{[%clk 00:03:00]} {[%emt 00:01:08]} 43. Kh2 {[%clk 00:18:43]} {[%emt 00:01:00]}
Qf6 {[%clk 00:03:20]} {[%emt 00:00:10]} 44. Qc5 {[%clk 00:18:29]} {[%emt
00:00:44]} Kg8 {[%clk 00:03:24]} {[%emt 00:00:26]} 45. Kg2 {[%clk 00:18:45]}
{[%emt 00:00:14]} Kg7 {[%clk 00:03:35]} {[%emt 00:00:19]} 46. Qa7 {[%clk
00:18:17]} {[%emt 00:00:58]} Qe7 {[%clk 00:04:01]} {[%emt 00:00:04]} 47. Qb8
{[%clk 00:17:26]} {[%emt 00:01:21]} Kh7 {[%clk 00:04:21]} {[%emt 00:00:10]} 48.
Kf1 {[%clk 00:16:22]} {[%emt 00:01:34]} Kg7 {[%clk 00:04:46]} {[%emt 00:00:05]}
49. Ke2 {[%clk 00:15:45]} {[%emt 00:01:08]} Kh7 {[%clk 00:05:13]} {[%emt
00:00:03]} 50. Qa7 {[%clk 00:15:55]} {[%emt 00:00:19]} Kg7 {[%clk 00:03:37]}
{[%emt 00:02:07]} 51. Qb6 {[%clk 00:16:20]} {[%emt 00:00:05]} Qd7 {[%clk
00:03:27]} {[%emt 00:00:36]} 52. Qe3 {[%clk 00:16:30]} {[%emt 00:00:23]} Qe6
{[%clk 00:03:35]} {[%emt 00:00:23]} 53. Qd3 {[%clk 00:14:14]} {[%emt 00:02:45]}
Qe7 {[%clk 00:03:57]} {[%emt 00:00:08]} 54. Qc4 {[%clk 00:13:57]} {[%emt
00:00:47]} Qd6 {[%clk 00:04:09]} {[%emt 00:00:17]} 55. Qd3 {[%clk 00:13:50]}
{[%emt 00:00:38]} Qe7 {[%clk 00:04:05]} {[%emt 00:00:34]} 56. Kf1 {[%clk
00:12:23]} {[%emt 00:01:57]} Kf6 {[%clk 00:04:09]} {[%emt 00:00:26]} 57. Qd2
{[%clk 00:12:25]} {[%emt 00:00:27]} Kg7 {[%clk 00:04:30]} {[%emt 00:00:11]} 58.
c4 {[%clk 00:11:40]} {[%emt 00:01:15]} Qe6 {[%clk 00:04:48]} {[%emt 00:00:11]}
59. Qd3 {[%clk 00:11:08]} {[%emt 00:01:02]} Qe7 {[%clk 00:02:57]} {[%emt
00:02:22]} 60. Qd2 {[%clk 00:10:09]} {[%emt 00:01:29]} Qe6 {[%clk 00:01:55]}
{[%emt 00:01:32]} 61. Qd3 {[%clk 00:10:38]} {[%emt 00:00:02]} Qe7 {[%clk
00:02:20]} {[%emt 00:00:03]} 62. Qc3 {[%clk 00:10:06]} {[%emt 00:01:02]} f6
{[%clk 00:02:48]} {[%emt 00:00:03]} 63. Ke2 {[%clk 00:09:47]} {[%emt 00:00:49]}
Kf7 {[%clk 00:03:01]} {[%emt 00:00:17]} 64. Qd2 {[%clk 00:09:12]} {[%emt
00:01:05]} Kg7 {[%clk 00:03:06]} {[%emt 00:00:24]} 65. Kd1 {[%clk 00:08:35]}
{[%emt 00:01:07]} Qe6 {[%clk 00:03:17]} {[%emt 00:00:15]} 66. Qd3 {[%clk
00:08:48]} {[%emt 00:00:21]} Qe7 {[%clk 00:03:41]} {[%emt 00:00:06]} 67. Qd2
{[%clk 00:09:08]} {[%emt 00:00:10]} Qe6 {[%clk 00:03:56]} {[%emt 00:00:15]} 68.
Qd3 {[%clk 00:09:37]} {[%emt 00:00:02]} Qe7 {[%clk 00:04:18]} {[%emt 00:00:08]}
69. Qc3 {[%clk 00:08:53]} {[%emt 00:01:13]} Qd7+ {[%clk 00:04:40]} {[%emt
00:00:08]} 70. Kc2 {[%clk 00:08:55]} {[%emt 00:00:28]} Kf7 {[%clk 00:04:39]}
{[%emt 00:00:30]} 71. Qe3 {[%clk 00:09:11]} {[%emt 00:00:14]} Kg7 {[%clk
00:04:47]} {[%emt 00:00:23]} 72. Qc5 {[%clk 00:07:57]} {[%emt 00:02:09]} Qf7
{[%clk 00:04:13]} {[%emt 00:01:04]} 73. Kc3 {[%clk 00:07:40]} {[%emt 00:00:47]}
Qd7 {[%clk 00:04:40]} {[%emt 00:00:03]} 74. Kc2 {[%clk 00:08:07]} {[%emt
00:00:04]} Kf7 {[%clk 00:03:32]} {[%emt 00:01:38]} 75. Qe3 {[%clk 00:07:58]}
{[%emt 00:00:39]} Kg7 {[%clk 00:03:40]} {[%emt 00:00:22]} 76. Qd3 {[%clk
00:07:30]} {[%emt 00:00:58]} Qxd3+ {[%clk 00:03:09]} {[%emt 00:01:02]} 77. Kxd3
{[%clk 00:07:58]} {[%emt 00:00:01]} Kf7 {[%clk 00:03:08]} {[%emt 00:00:31]} 78.
Kc3 {[%clk 00:07:17]} {[%emt 00:01:12]} Ke6 {[%clk 00:03:32]} {[%emt 00:00:05]}
79. Kd3 {[%clk 00:04:19]}  1/2-1/2

[Event "1st 4NCL Easter Congress"]
[Site "Stevenage"]
[Date "2019.04.22"]
[Round "7"]
[Board "12"]
[White "Verma, Aditya"]
[Black "Woltery, Nicolai"]
[Result "1-0"]
[WhiteElo "2071"]
[BlackElo "1865"]
[PlyCount "0"]
[EventDate "2019.04.19"]
[EventRounds "7"]
[EventCountry "ENG"]

1. e4 {[%clk 01:30:54]} {[%emt 00:00:05]} c5 {[%clk 01:30:58]} {[%emt
00:00:03]} 2. Nf3 {[%clk 01:31:16]} {[%emt 00:00:09]} Nc6 {[%clk 01:31:25]}
{[%emt 00:00:04]} 3. d4 {[%clk 01:31:33]} {[%emt 00:00:11]} cxd4 {[%clk
01:31:51]} {[%emt 00:00:06]} 4. Nxd4 {[%clk 01:31:42]} {[%emt 00:00:20]} g6
{[%clk 01:32:12]} {[%emt 00:00:09]} 5. c4 {[%clk 01:31:30]} {[%emt 00:00:41]}
Bg7 {[%clk 01:32:31]} {[%emt 00:00:12]} 6. Be3 {[%clk 01:31:39]} {[%emt
00:00:19]} d6 {[%clk 01:32:47]} {[%emt 00:00:16]} 7. Nc3 {[%clk 01:31:45]}
{[%emt 00:00:23]} Qb6 {[%clk 01:32:59]} {[%emt 00:00:18]} 8. Ndb5 {[%clk
01:18:09]} {[%emt 00:14:07]} Bxc3+ {[%clk 01:32:16]} {[%emt 00:01:13]} 9. bxc3
{[%clk 01:18:09]} {[%emt 00:00:29]} Qa5 {[%clk 01:25:40]} {[%emt 00:07:07]} 10.
Qd2 {[%clk 01:18:03]} {[%emt 00:00:34]} Nf6 {[%clk 01:22:39]} {[%emt 00:03:33]}
11. f3 {[%clk 01:17:53]} {[%emt 00:00:39]} Bd7 {[%clk 01:13:49]} {[%emt
00:09:21]} 12. Be2 {[%clk 01:10:39]} {[%emt 00:07:44]} Rc8 {[%clk 01:09:01]}
{[%emt 00:05:18]} 13. O-O {[%clk 00:51:10]} {[%emt 00:19:59]} O-O {[%clk
01:06:53]} {[%emt 00:02:37]} 14. Rab1 {[%clk 00:49:07]} {[%emt 00:02:33]} a6
{[%clk 00:48:49]} {[%emt 00:18:34]} 15. Nd4 {[%clk 00:49:32]} {[%emt 00:00:04]}
Qc7 {[%clk 00:45:18]} {[%emt 00:04:02]} 16. Bg5 {[%clk 00:45:45]} {[%emt
00:04:16]} Ne8 {[%clk 00:42:27]} {[%emt 00:03:23]} 17. f4 {[%clk 00:44:44]}
{[%emt 00:01:30]} Ng7 {[%clk 00:34:02]} {[%emt 00:08:56]} 18. Bh6 {[%clk
00:39:20]} {[%emt 00:05:53]} Na5 {[%clk 00:25:25]} {[%emt 00:09:08]} 19. f5
{[%clk 00:34:46]} {[%emt 00:05:05]} Rfe8 {[%clk 00:19:47]} {[%emt 00:06:08]} 20.
Qf4 {[%clk 00:28:27]} {[%emt 00:06:48]} f6 {[%clk 00:12:15]} {[%emt 00:08:02]}
21. Qg3 {[%clk 00:27:12]} {[%emt 00:01:45]} Kf7 {[%clk 00:11:36]} {[%emt
00:01:10]} 22. fxg6+ {[%clk 00:25:11]} {[%emt 00:02:31]} hxg6 {[%clk 00:11:44]}
{[%emt 00:00:21]} 23. Bxg7 {[%clk 00:24:48]} {[%emt 00:00:54]} Kxg7 {[%clk
00:12:07]} {[%emt 00:00:07]} 24. Bh5 {[%clk 00:25:10]} {[%emt 00:00:06]} g5
{[%clk 00:11:26]} {[%emt 00:01:12]} 25. h4 {[%clk 00:22:08]} {[%emt 00:03:32]}
d5 {[%clk 00:09:28]} {[%emt 00:02:28]} 26. Qxc7 {[%clk 00:22:10]} {[%emt
00:00:29]} Rxc7 {[%clk 00:09:53]} {[%emt 00:00:05]} 27. Bxe8 {[%clk 00:22:34]}
{[%emt 00:00:05]} Bxe8 {[%clk 00:10:16]} {[%emt 00:00:11]}  1-0

[Event "1st 4NCL Easter Congress"]
[Site "Stevenage"]
[Date "2019.04.22"]
[Round "7"]
[Board "13"]
[White "Stubbs, Oliver"]
[Black "Jaufarally, Nadia"]
[Result "0-1"]
[WhiteElo "1873"]
[BlackElo "1859"]
[PlyCount "0"]
[EventDate "2019.04.19"]
[EventRounds "7"]
[EventCountry "ENG"]

1. d4 {[%clk 01:30:57]} {[%emt 00:00:02]} Nf6 {[%clk 01:30:53]} {[%emt
00:00:08]} 2. Bf4 {[%clk 01:31:24]} {[%emt 00:00:03]} c5 {[%clk 01:31:09]}
{[%emt 00:00:14]} 3. d5 {[%clk 01:31:48]} {[%emt 00:00:06]} d6 {[%clk
01:31:32]} {[%emt 00:00:07]} 4. Nc3 {[%clk 01:30:42]} {[%emt 00:01:36]} e5
{[%clk 01:30:59]} {[%emt 00:01:02]} 5. dxe6 {[%clk 01:26:42]} {[%emt 00:04:30]}
Bxe6 {[%clk 01:31:06]} {[%emt 00:00:24]} 6. e4 {[%clk 01:26:15]} {[%emt
00:00:56]} Nc6 {[%clk 01:19:00]} {[%emt 00:12:36]} 7. Nf3 {[%clk 01:17:21]}
{[%emt 00:09:25]} Be7 {[%clk 01:18:18]} {[%emt 00:01:12]} 8. Be2 {[%clk
01:13:33]} {[%emt 00:04:18]} O-O {[%clk 01:10:49]} {[%emt 00:07:59]} 9. O-O
{[%clk 01:13:58]} {[%emt 00:00:05]} Qd7 {[%clk 01:03:42]} {[%emt 00:07:37]} 10.
e5 {[%clk 01:06:35]} {[%emt 00:07:53]} dxe5 {[%clk 00:58:39]} {[%emt 00:05:33]}
11. Nxe5 {[%clk 01:06:53]} {[%emt 00:00:12]} Nxe5 {[%clk 00:36:46]} {[%emt
00:22:23]} 12. Bxe5 {[%clk 01:07:16]} {[%emt 00:00:06]} Rad8 {[%clk 00:33:48]}
{[%emt 00:03:29]} 13. Bf3 {[%clk 00:54:28]} {[%emt 00:13:18]} Nd5 {[%clk
00:26:34]} {[%emt 00:07:43]} 14. Qe2 {[%clk 00:45:15]} {[%emt 00:09:43]} Nxc3
{[%clk 00:18:50]} {[%emt 00:08:14]} 15. Bxc3 {[%clk 00:45:21]} {[%emt
00:00:24]} Bd6 {[%clk 00:18:36]} {[%emt 00:00:45]} 16. a4 {[%clk 00:42:11]}
{[%emt 00:03:40]} Qe7 {[%clk 00:11:39]} {[%emt 00:07:27]} 17. Qe4 {[%clk
00:41:07]} {[%emt 00:01:34]} Bd5 {[%clk 00:09:11]} {[%emt 00:02:58]} 18. Qxd5
{[%clk 00:37:17]} {[%emt 00:04:19]} Bxh2+ {[%clk 00:09:29]} {[%emt 00:00:12]}
19. Kxh2 {[%clk 00:37:43]} {[%emt 00:00:04]} Rxd5 {[%clk 00:09:45]} {[%emt
00:00:15]} 20. Bxd5 {[%clk 00:38:09]} {[%emt 00:00:04]} Qd6+ {[%clk 00:10:04]}
{[%emt 00:00:10]} 21. Kg1 {[%clk 00:37:41]} {[%emt 00:00:58]} Qxd5 {[%clk
00:10:31]} {[%emt 00:00:04]} 22. Rad1 {[%clk 00:38:02]} {[%emt 00:00:08]} Qc6
{[%clk 00:09:00]} {[%emt 00:02:01]} 23. a5 {[%clk 00:37:27]} {[%emt 00:01:06]}
Re8 {[%clk 00:08:09]} {[%emt 00:01:21]} 24. Rd3 {[%clk 00:37:52]} {[%emt
00:00:05]} h6 {[%clk 00:06:16]} {[%emt 00:02:23]} 25. Rfd1 {[%clk 00:38:09]}
{[%emt 00:00:13]} Re6 {[%clk 00:05:25]} {[%emt 00:01:21]} 26. Rd8+ {[%clk
00:37:58]} {[%emt 00:00:40]} Kh7 {[%clk 00:05:47]} {[%emt 00:00:08]} 27. R8d7
{[%clk 00:38:09]} {[%emt 00:00:20]} Rg6 {[%clk 00:06:01]} {[%emt 00:00:16]} 28.
R1d5 {[%clk 00:37:21]} {[%emt 00:01:18]} Qe6 {[%clk 00:05:14]} {[%emt
00:01:16]} 29. R5d6 {[%clk 00:36:10]} {[%emt 00:01:41]} Qxd6 {[%clk 00:05:30]}
{[%emt 00:00:15]} 30. Rxd6 {[%clk 00:36:33]} {[%emt 00:00:07]} Rxd6 {[%clk
00:05:59]} {[%emt 00:00:01]} 31. Kf1 {[%clk 00:36:51]} {[%emt 00:00:11]} f5
{[%clk 00:06:11]} {[%emt 00:00:18]} 32. Ke2 {[%clk 00:37:17]} {[%emt 00:00:04]}
g5 {[%clk 00:06:32]} {[%emt 00:00:10]} 33. g3 {[%clk 00:36:55]} {[%emt
00:00:51]} Kg6 {[%clk 00:06:55]} {[%emt 00:00:08]} 34. f3 {[%clk 00:37:00]}
{[%emt 00:00:25]} h5 {[%clk 00:06:54]} {[%emt 00:00:31]} 35. Ke1 {[%clk
00:35:36]} {[%emt 00:01:54]} f4 {[%clk 00:06:58]} {[%emt 00:00:26]} 36. gxf4
{[%clk 00:35:53]} {[%emt 00:00:12]} gxf4 {[%clk 00:07:24]} {[%emt 00:00:05]} 37.
Kf2 {[%clk 00:36:15]} {[%emt 00:00:08]} Kf5 {[%clk 00:07:43]} {[%emt 00:00:11]}
38. Kg2 {[%clk 00:36:10]} {[%emt 00:00:34]} Rg6+ {[%clk 00:07:51]} {[%emt
00:00:22]}  0-1